000 00285nam a22001337a 4500
008 170921b xxu||||| |||| 00| 0 eng d
020 _a9780029316214
041 _aeng
080 _a78
100 _a45
101 _aMUZ
245 _aMUSIC AND THE MIND
_cSTORR, A
942 _2udc
_cBK
999 _c28682
_d28682